| 000 | 00569nam a2200205 i 4500 | ||
|---|---|---|---|
| 001 | 31239 | ||
| 003 | ES-MaACL | ||
| 005 | 20250710062719.0 | ||
| 007 | t| | ||
| 008 | 030128s1958 fr ||||1| fre d | ||
| 100 | 1 |
_aBeigbeder, Olivier. _927069 |
|
| 245 | 1 | 3 |
_aLa symbolique / _cpar Olivier Beigbeder. |
| 260 |
_aParis : _bPresses Universitaires de France, _c1958. |
||
| 300 |
_a126 p. ; _c18 cm. |
||
| 490 | 1 | _aQue sais-je? | |
| 650 | 4 |
_aSimbolismo. _917102 |
|
| 830 | 0 | 0 |
_aQue sais-je? _9180931 |
| 852 |
_aES-MaACL _jC-15637 _bR.43313 |
||
| 999 |
_c31239 _d31239 |
||